Statistics for Jména řeckých bohů

Click here to take the quiz!

General Stats

  • This quiz has been taken 136 times
    (129 since last reset)
  • The average score is 12 of 66

Answer Stats

Definice bohaJméno% Correct
nejvyšší vládceZeus
98%
bohyně krásy a láskyAfrodíté
70%
vládce moříPoseidon
70%
vládce podsvětíHádes
68%
Diova manželka, ochránkyně manželstvíHéra
67%
bůh válkyArés
64%
bohyně moudrosti, války a strategieAthéna
64%
bůh slunce a světla, harmonieApollón
50%
bohyně lovu a měsíceArtemis
49%
bůh vína a nespoutaného veselíDionýsos
43%
bůh ohně a kovářstvíHéfaistos
41%
bůh obchodu, lsti a podvoduHermés
34%
titán, vládce veškerenstva, syn ÚranaKronos
29%
bůh slunceHélios
25%
bohyně podsvětíPersefona
24%
bůh časuChronos
23%
bohyně plodnosti země a rolnictvíDémétér
22%
bohyně země a sama ZeměGaia
22%
bůh lesů, pastvin, stádPan
17%
bůh lásky a sama láskaErós
16%
bohyně vítězstvíNiké
16%
první bůh nebes a nebe samoÚranos
15%
bůh síly, píle, vytrvalostiHéraklés
14%
bůh spánku, zosobňuje i spánek samotnýHypnos
14%
bohyně nociNyx
14%
bohyně rodinného krbu, rodiny a domovaHestia
12%
bohyně a zosobnění řeky v podsvětíStyx
12%
bohyně magie, měsíce, noci a podsvětíHekaté
10%
bohyně věčné mladosti a jaraHébé
9%
bohyně duhyIris
9%
bůh, ztělesnění strachu a panikyFobos
8%
bůh snůMorfeus
8%
bohyně odplatyNemesis
8%
bůh mohutné propasti se železnými zdmi a branamiTartaros
8%
bůh smrti a sama smrtThanatos
8%
bůh lékařůAsklépios
7%
bůh, ztělesnění hrůzyDeimos
7%
bohyně sváru, rivality a válečných konfliktůEris
7%
bohyně úsvituÉós
5%
bůh věčné tmy a sama věčná tmaErebos
5%
bohyně jasného dne a zároveň zosobnění dneHémerá
5%
bohyně plodnostiLétó
5%
titánka, manželka Kronna a matka DiaRheia
5%
bůh věčného jasného světlaAithér
4%
bohyně klamu a sám klamApaté
4%
bohyně ročních období a pořádku (mn. č.)Hóry
4%
bohyně měsíceSeléné
4%
bůh opětované láskyAnterós
3%
bohyně poroduEileithýia
3%
3 bohyně pomsty a kletby (mn. č.)Erínye
3%
bohyně násilné smrtiKéres
3%
bohyně osudu, životního údělu (mn. č.)Moiry
3%
bůh hanby a hloupostiMómos
3%
bůh vnitřního moře, přístupného lidemPontos
3%
bohyně zákonného pořádku mezi lidmi a v příroděThemis
3%
bůh hvězd a větrůAstraios
2%
bohyně harmonie a svornostiHarmonia
2%
bohyně rozumuMétis
2%
bohyně šťastné náhodyTýché
2%
bohyně spravedlnostiDiké
1%
bohyně války, sestra boha válkyEnýó
1%
bůh stáříGeras
1%
mořský bůh, který měl dar věštěníGlaukos
1%
bůh zkázyMoros
1%
bohyně sexu a přátelstvíPhilates
1%
bohyně bídy a depreseOisys
0%

Score Distribution

Percentile by Number Answered

Percent of People with Each Score

Your Score History

You have not taken this quiz since the last reset